000 00470nam a2200169Ia 4500
999 _c10169
_d10169
003 OSt
005 20191231110107.0
008 190216s9999||||xx |||||||||||||| ||und||
040 _coclc
082 _a338
_bDHI/B
100 _aDhingra, Ishwar C
_9494
245 0 _aBusiness Economics /
_cI C Dhingra
260 _bSulthan Chand&Sons,
_c1992.
_aNew Delhi:
300 _a466 p
650 _aEconomics
942 _cBK
_2ddc
_h338
_iDHI/B
_k338
_mDHI/B